| 000 | 00497nam a2200181 4500 | ||
|---|---|---|---|
| 001 | 123801 | ||
| 003 | ES-MaACL | ||
| 005 | 20240606063000.0 | ||
| 007 | t| | ||
| 008 | 070214s1966 sp r ||||1| spa d | ||
| 100 | 0 |
_aQuiroga, Elena, _d1921-1995 _994768 |
|
| 245 | 1 | 0 |
_aEscribo tu nombre / _cElena Quiroga. |
| 250 | _a1ยช. ed. | ||
| 260 |
_aBarcelona : _bNoguer, _c1966. |
||
| 300 |
_a678 p. : _bil. ; _c20 cm. |
||
| 852 |
_aES-MaACL _jC-30409 _bR.60410 |
||
| 999 |
_c123801 _d123801 |
||